Bramkarze reprezentacji Anglii w XXI wieku - Statystyki

Ogólne statystyki
  • Ten quiz został rozwiązany 222 razy
    84 od ostatniego zresetowania
  • Średni wynik to 8 z 21
Statystyki odpowiedzi
Lata gry # Nazwisko % Poprawnych
2017- 75 Jordan Pickford
92%
2008-2017 75 Joe Hart
91%
1988-2002 75 David Seaman
71%
2021- 5 Aaron Ramsdale
60%
2018-2022 10 Nick Pope
56%
1997-2010 53 David James
47%
2020- 2 Dean Henderson
47%
2003-2007 41 Paul Robinson
44%
2007-2014 8 Ben Foster
39%
2012-2018 9 Jack Butland
38%
2013-2016 6 Fraser Forster
35%
2005-2012 12 Rob Green
30%
2016-2017 3 Tom Heaton
27%
2021-2023 4 Sam Johnstone
25%
2007-2011 4 Scott Carson
22%
2006 1 Chris Kirkland
18%
2018 1 Alex McCarthy
9%
2012 1 John Ruddy
9%
1996-2004 4 Ian Walker
8%
1992-2002 23 Nigel Martyn
8%
2000-2001 2 Richard Wright
6%
Nie znaleziono quizów pasujących do podanych kryteriów
Rozkład punktacji
Procent ludzi z każdym wynikiem
Percentyl według liczby udzielonych odpowiedzi
Twoja historia wyników
Nie rozwiązałeś tego quizu od ostatniego zresetowania